LEADER 01116nam1 22003373i 450 001 VAN00302301 005 20260211115441.966 100 $a20260211d1998 |0itac50 ba 101 $aeng 102 $aUS 105 $a|||| ||||| 181 $ai$b e 182 $ab 183 $acr 200 1 $aMass transportation problems$fSvetlozar T. Rachev, Ludger Ruschendorf 210 $aNew York$cSpringer$d1998 215 $a2 volumi$d24 cm 463 \1$1001VAN00298516$12001 $a<<1: >>Theory 463 \1$1001VAN00298518$12001 $a<<2: >>Applications 500 1$3VAN00302302$aMass transportation problems$9969128 620 $aUS$dNew York$3VANL000011 700 1$aRachev$bSvetlozar T.$3VANV036226$0551376 701 1$aRuschendorf$bLudger$3VANV036227$0535187 712 $aSpringer $3VANV108073$4650 790 1$aRachev, Svetlozar Todorov$zRachev, Svetlozar T.$3VANV061141 790 1$aRachev, S. T.$zRachev, Svetlozar T.$3VANV061142 801 $aIT$bSOL$c20260213$gRICA 912 $fN 912 $aVAN00302301 996 $aMass transportation problems$9969128 997 $aUNICAMPANIA